| 000 | 00643nam a2200205 a 4500 | ||
|---|---|---|---|
| 005 | 20230615063553.0 | ||
| 008 | 100208s2009 mx r 000 0 spa d | ||
| 020 | _a9707781106 | ||
| 035 | _aUPN01000174506 | ||
| 049 | _aCG | ||
| 050 | 4 |
_aHM716 _bM3.5 2009 |
|
| 100 | 1 | _aMayer, Canísio | |
| 245 | 1 | 0 |
_aManual de dinámicas : _bdinámicas creativas para diferentes momentos de la vida / _cCanísio Mayer. |
| 250 | _a2a ed. | ||
| 260 |
_aMéxico : _bNueva Palabra, _c2009. |
||
| 300 | _a144 p. | ||
| 534 |
_pTraducción de: _tDinámicas criativas para diferentes momentos da vida |
||
| 650 | 4 |
_aDinámica de grupos _96712 |
|
| 905 | _aLibro | ||
| 999 |
_c146610 _d146610 |
||